[Event "Hoogovens"]
[Site "Wijk aan Zee"]
[Date "1978.??.??"]
[Round "?"]
[White "Miles, Anthony J"]
[Black "Panno, Oscar"]
[Result "1/2-1/2"]
[WhiteElo "2565"]
[BlackElo "2580"]

1.c4 Nf6 2.Nc3 d5 3.cxd5 Nxd5 4.g3 g6 5.Bg2 Nb6 6.d3 Bg7 7.Be3 O-O 8.Qd2 e5
9.h4 h5 10.Bh6 Re8 11.Bxg7 Kxg7 12.Rc1 c6 13.Nf3 Na6 14.O-O Nc7 15.Rfd1 f6
16.e3 a5 17.Qc2 Qe7 18.Ne4 Bg4 19.Rd2 Red8 20.Qc5 Qxc5 21.Nxc5 Ra7 22.d4 Bxf3
23.Bxf3 f5 24.e4 fxe4 25.Bxe4 a4 26.Nxb7 Rxb7 27.Rxc6 Rxd4 28.Rxg6+ Kf7 29.Rxd4 exd4
30.Rh6 Kg7 31.Rxh5 Ra7 32.Rh7+ Kg8 33.h5 Nb5 34.Rh6 Nc8 35.Rg6+ Rg7 36.Ra6 Ra7
37.Rxa7 Ncxa7 38.f4 Nd6 39.Bd3 Nc6 40.a3 Na5 41.Kf2  1/2-1/2

[Event "Hoogovens"]
[Site "Wijk aan Zee"]
[Date "1978.??.??"]
[Round "?"]
[White "Kavalek, Lubomir"]
[Black "Miles, Anthony J"]
[Result "0-1"]
[WhiteElo "2570"]
[BlackElo "2565"]

1.d4 d5 2.c4 dxc4 3.Nf3 Nf6 4.Nc3 a6 5.e4 b5 6.e5 Nd5 7.a4 Nxc3 8.bxc3 Qd5
9.g3 Bb7 10.Bg2 Qd7 11.Nh4 c6 12.f4 e6 13.f5 exf5 14.O-O g6 15.Bg5 Be7 16.Bf6 Rg8
17.Qd2 Qe6 18.axb5 Bxf6 19.exf6 Qxf6 20.Rae1+ Kd8 21.bxc6 Bxc6 22.d5 Bd7
23.Nf3 Re8 24.Rb1 Bb5 25.Nd4 Nd7 26.g4 Qd6 27.gxf5 f6 28.Qh6 Ne5 29.fxg6 hxg6
30.Qf4 f5 31.Rfe1 Kd7 32.Nc6 Nd3 33.Rxe8 Qxf4 34.Rxa8 Qe3+  0-1

[Event "Bled/Portoroz"]
[Site "Bled"]
[Date "1979.??.??"]
[Round "?"]
[White "Ivkov, Borislav"]
[Black "Miles, Anthony J"]
[Result "1-0"]
[WhiteElo "2525"]
[BlackElo "2560"]

1.d4 d5 2.c4 dxc4 3.Nf3 Nf6 4.e3 Bg4 5.Bxc4 e6 6.Nc3 Nbd7 7.h3 Bh5 8.O-O Bd6
9.e4 e5 10.Be2 O-O 11.dxe5 Nxe5 12.Nd4 Bxe2 13.Qxe2 Ng6 14.Rd1 Qc8 15.Bg5 Be5
16.Qe3 Nh5 17.Qf3 Nhf4 18.Nf5 Qe6 19.h4 h6 20.Bxf4 Nxf4 21.Rd2 Rad8 22.Rad1 Qf6
23.g3 Bxc3 24.bxc3 Ne6 25.Rd7 Kh7 26.Qe3 Rxd7 27.Rxd7 Rd8 28.Rxd8 Qxd8 29.Qxa7 Qd1+
30.Kg2 Qb1 31.Qe3 Qxa2 32.h5 Qc4 33.Nd4 Nxd4 34.cxd4 Kg8 35.d5 b5 36.Qf3 b4
37.e5 Qa6 38.Qe4 Qa8 39.Qd3 Qb7 40.Kh2 Kf8 41.e6 Qa7 42.Qf5 f6 43.Kh3 Qa8
44.Qe4 Qb8 45.Qh7 Qe8 46.Qh8+ Ke7 47.Qxg7+ Kd6 48.g4 Qe7 49.Qxh6 Kxd5 50.Qe3 c5
51.h6 c4 52.Qf3+ Kd4 53.Qc6 Kc3 54.Qf3+ Kb2 55.Qe2+ Kb3 56.Qd1+ Kb2 57.Qd7 Qc5
58.Qd2+ Kb3 59.Qd1+ Ka3 60.h7 Qc8 61.Qa1+ Kb3 62.Qxf6 Qb7 63.h8=Q Qh1+ 64.Kg3 Qg1+
65.Kh4  1-0

[Event "Bled/Portoroz"]
[Site "Bled"]
[Date "1979.??.??"]
[Round "?"]
[White "Qi Jingxuan"]
[Black "Miles, Anthony J"]
[Result "0-1"]
[WhiteElo "2415"]
[BlackElo "2560"]

1.e4 c5 2.Nf3 d6 3.d4 cxd4 4.Nxd4 Nf6 5.Nc3 g6 6.Be3 Bg7 7.f3 O-O 8.Qd2 Nc6
9.Bc4 Bd7 10.h4 Rc8 11.Bb3 h5 12.O-O-O Ne5 13.Bh6 Bxh6 14.Qxh6 Rxc3 15.bxc3 Qc7
16.g4 Qxc3 17.Kb1 a5 18.a3 a4 19.Ba2 Ra8 20.g5 Ne8 21.Nf5 Bxf5 22.exf5 Ra6
23.fxg6 Rb6+ 24.Kc1 Qe3+ 25.Rd2 Qxa3+ 26.Kd1 Qxf3+ 27.Kc1 Qa3+ 28.Kd1 Rb1+
29.Bxb1 Qf3+ 30.Kc1 Nxg6 31.Rdd1 Qe3+ 32.Rd2 Qa3+ 33.Kd1 Qf3+ 34.Kc1 Qxh1+
35.Rd1 Qf3 36.Ba2 e6 37.Rd3 Qf4+ 38.Kb2 Ng7 39.c3 Qxh4 40.Rf3 Qe4 41.Rf6 Qe2+
42.Ka3 Qc2 43.c4 Ne5 44.g6 Nxc4+ 45.Bxc4 Qc3+ 46.Kxa4 Qxc4+  0-1

[Event "Bled/Portoroz"]
[Site "Bled"]
[Date "1979.??.??"]
[Round "?"]
[White "Larsen, Bent"]
[Black "Miles, Anthony J"]
[Result "1-0"]
[WhiteElo "2620"]
[BlackElo "2560"]

1.g3 g6 2.Bg2 Bg7 3.d4 d5 4.Nf3 c5 5.O-O cxd4 6.Nxd4 Nc6 7.Nb3 e6 8.Nc3 Nge7
9.e4 d4 10.Ne2 O-O 11.f4 Qb6 12.Kh1 e5 13.fxe5 Bg4 14.Bg5 Bxe5 15.Qd2 f6
16.Bh6 Rfc8 17.c3 dxc3 18.Nxc3 Rd8 19.Nd5 Nxd5 20.exd5 Ne7 21.Be3 Qb5 22.Nc5 Rac8
23.a4 Qxb2 24.Qxb2 Bxb2 25.Rab1 Be5 26.Nxb7 Nxd5 27.Nxd8 Nxe3 28.Nc6 Nxf1
29.Ne7+ Kg7 30.Nxc8 Nxg3+ 31.hxg3 Bxc8 32.g4 Kh6 33.Bf3 Kg5 34.a5 Bf4 35.Rb5+ Kh4
36.Kg2 Bxg4 37.Rb7 Be3 38.Rxh7+ Kg5 39.Re7 Bxf3+ 40.Kxf3 Bc5 41.Rc7 Bg1 42.Rc1 Bh2
43.Rc2 Be5 44.Rd2 Kf5 45.Rd7 a6 46.Ra7 Ke6 47.Rxa6+ Kd7 48.Rb6 Bc7 49.Rb7 Kc6
50.a6 f5 51.Rb3 Bb6 52.Kf4 Bc7+ 53.Kg5 Bb6 54.Kxg6 f4 55.Kf5 f3 56.Rxf3 Kb5
57.Ra3 Ba7 58.Ke6 Kb6 59.Kd7 Bb8 60.a7  1-0

[Event "Bled/Portoroz"]
[Site "Bled"]
[Date "1979.??.??"]
[Round "?"]
[White "Miles, Anthony J"]
[Black "Quinteros, Miguel A"]
[Result "0-1"]
[WhiteElo "2560"]
[BlackElo "2545"]

1.d4 Nf6 2.c4 c5 3.d5 g6 4.f3 d6 5.e4 Bg7 6.Bd3 O-O 7.Ne2 e6 8.Nbc3 exd5
9.cxd5 a6 10.a4 Qc7 11.b3 Nbd7 12.O-O Ne5 13.Bc2 Re8 14.Kh1 Rb8 15.a5 b5
16.axb6 Rxb6 17.Bd2 c4 18.Be3 Rb8 19.Bg1 Nfd7 20.bxc4 Nxc4 21.Bd4 Nde5 22.Ra2 Bh6
23.Ba4 Nd7 24.Qa1 Rf8 25.Bxd7 Qxd7 26.f4 Bb7 27.Na4 Rfe8 28.Ng3 Rbc8 29.Rc2 Qg4
30.Qc1 Ne5 31.Rxc8 Bxc8 32.Nb6 Bd7 33.Qc7 Bb5 34.fxe5 Bxf1 35.e6 Rf8 36.e7 Re8
37.Nd7 Bg5 38.Qxd6 Bb5 39.Nf6+ Bxf6 40.Qxf6 Qd1+ 41.Bg1 Rc8 42.h3 Rc1 43.Qb6 Qxg1+
44.Qxg1 Rxg1+ 45.Kxg1 f6 46.Nf1 Kf7 47.Nd2 a5 48.Kf2 a4 49.Nb1 Bd3 50.Na3 Kxe7
51.Ke3 Bf1 52.Kf2 Bd3 53.Ke3 Bf1 54.Kf2 Ba6 55.h4 Kd6 56.Ke3 Ke5 57.g4 h6
58.Nb1 Bc8 59.Na3 Kd6 60.Kd4 Bxg4 61.Nc4+ Ke7 62.d6+ Ke6 63.Kc5 Be2 64.Na3 Kd7
65.Kd5 Ba6 66.Kc5 g5 67.hxg5 hxg5 68.Nc2 g4 69.Kb4 g3 70.Ne3 Bf1 71.e5 fxe5
72.Ng4 Kxd6  0-1

[Event "Konex"]
[Site "Buenos Aires"]
[Date "1979.??.??"]
[Round "1"]
[White "Miles, Anthony J"]
[Black "Rubinetti, Jorge A"]
[Result "1-0"]
[WhiteElo "2560"]
[BlackElo "2430"]

1.d4 Nf6 2.c4 d6 3.Nc3 Nbd7 4.e4 e5 5.d5 Be7 6.Be3 O-O 7.f3 c5 8.Qd2 Ne8
9.Bd3 g6 10.Nge2 Ng7 11.g4 Bh4+ 12.Kd1 f6 13.Kc2 Bg5 14.h4 Bxe3 15.Qxe3 a6
16.Ng3 Rf7 17.a3 Nf8 18.h5 g5 19.b4 b6 20.Rhb1 Raa7 21.Ra2 h6 22.Rab2 Rfb7
23.Kd1 Qc7 24.Bc2 Bd7 25.Ba4 Bxa4+ 26.Nxa4 Nd7 27.bxc5 bxc5 28.Qc3 Kf7 29.Rb3 Ke7
30.Kc2 Rxb3 31.Qxb3 Kd8 32.Nc3 Qa5 33.Nf1 Kc7 34.Ne3 Nb6 35.Ne2 Ra8 36.Qc3 Qxc3+
37.Kxc3 Rb8 38.Kc2 Rh8 39.Ng3 Rb8 40.Kd3 Ra8 41.Ngf5  1-0

[Event "Clarin"]
[Site "Buenos Aires"]
[Date "1979.??.??"]
[Round "2"]
[White "Miles, Anthony J"]
[Black "Spassky, Boris V"]
[Result "1/2-1/2"]
[WhiteElo "2560"]
[BlackElo "2640"]

1.d4 Nf6 2.c4 c5 3.d5 d6 4.Nc3 g6 5.e4 Bg7 6.Bd3 O-O 7.Nge2 e6 8.O-O exd5
9.cxd5 a6 10.a4 b6 11.Rb1 Nbd7 12.b4 cxb4 13.Rxb4 Nc5 14.Bc2 Bd7 15.f3 b5
16.axb5 Qa5 17.Rb1 axb5 18.Qe1 b4 19.Nd1 Bb5 20.Nf2 Rfe8 21.Bd1 Nxd5 22.exd5 Qa2
23.Qxb4 Bxe2 24.Bxe2 Rxe2 25.Bf4 Qxd5 26.Rbd1 Qb3 27.Qxb3 Nxb3 28.Rb1 Nd2
29.Rbe1 Rxe1 30.Rxe1 Nc4 31.Rd1 Nb2 32.Rb1 d5 33.Kf1 Nc4 34.Nd3 Bf8 35.Rb8 Rxb8
36.Bxb8 g5 37.Be5 f5 38.Bf6 h6 39.h4 g4 40.fxg4 fxg4 41.Nf4 Ne3+ 42.Kf2 Bc5
43.Ne6 Ba3 44.Kxe3 Kf7 45.Nc7 Kxf6 46.Nxd5+ Ke5 47.Nc3 Bc5+ 48.Kd3 Bf2 49.h5 Kf4
50.Ne2+ Kf5 51.Nc3 Ke5 52.Ne2 Be1 53.Nd4 Bh4 54.Ne2 Bd8 55.Nd4 Bb6 56.Ne2 Kf5
57.Nc3 Ba5 58.Ne2  1/2-1/2

[Event "Konex"]
[Site "Buenos Aires"]
[Date "1979.??.??"]
[Round "3"]
[White "Miles, Anthony J"]
[Black "Trois, Francisco RT"]
[Result "1-0"]
[WhiteElo "2560"]
[BlackElo "2415"]

1.d4 Nf6 2.c4 e6 3.Nf3 b6 4.Bf4 Bb7 5.e3 Bb4+ 6.Nfd2 O-O 7.a3 Be7 8.Nc3 d5
9.cxd5 Nxd5 10.Nxd5 Bxd5 11.Qc2 Bd6 12.Bxd6 Qxd6 13.Rc1 Rc8 14.Bd3 h6 15.O-O Bb7
16.Bh7+ Kh8 17.Be4 Bxe4 18.Qxe4 c6 19.Nc4 Qd5 20.Qf4 Kg8 21.Rfd1 Nd7 22.Nd6 Rf8
23.e4 Qb3 24.Qd2 c5 25.d5 Nf6 26.Rc3 Qa4 27.dxe6 fxe6 28.Qe2 Rad8 29.Rcd3 Rd7
30.b3 Qc6 31.e5 Nd5 32.g3 Re7 33.Qe4 Qa8 34.f4 Kh8 35.f5 Nc7 36.f6 Qxe4 37.Nxe4 gxf6
38.exf6 Ref7 39.Rd6 Ne8 40.Rxe6 Nxf6 41.Nd6 Rd7 42.Rf1 Nh7 43.Rxf8+ Nxf8
44.Rxh6+ Kg7 45.Nf5+ Kf7 46.Rd6 Rc7 47.Ne3 Ne6 48.Nd5 Rb7 49.Kf2 Nd4 50.b4 Nb5
51.Rf6+ Kg7 52.bxc5 bxc5 53.a4 Nc3 54.Rf5 Nxa4 55.g4 c4 56.Rf4 Rb2+ 57.Kg3 Rb3+
58.Kh4 Nb2 59.Re4 Rb7 60.Re6 a5 61.Ra6 a4 62.g5 Rd7 63.Nf6 Rd4+ 64.Kh5 Nd3
65.Ra7+ Kf8 66.g6 Nf4+ 67.Kh6 Ne6 68.Rf7+  1-0

[Event "Konex"]
[Site "Buenos Aires"]
[Date "1979.??.??"]
[Round "5"]
[White "Miles, Anthony J"]
[Black "Browne, Walter S"]
[Result "1/2-1/2"]
[WhiteElo "2560"]
[BlackElo "2540"]

1.d4 Nf6 2.c4 e6 3.Nf3 b6 4.Bf4 Bb7 5.e3 Be7 6.h3 c5 7.Nc3 cxd4 8.Nxd4 a6
9.Be2 d6 10.Bh2 O-O 11.O-O Nbd7 12.Rc1 Qc7 13.b4 Rac8 14.Qb3 Ne5 15.c5 dxc5
16.bxc5 bxc5 17.Bxe5 Qxe5 18.Qxb7 cxd4 19.exd4 Qxd4 20.Qxe7 Rxc3 21.Rxc3 Qxc3
22.Bxa6 Nd5 23.Qd6 Qa5 24.Rb1 g6 25.Bc4 Nc3 26.Qb4 Qe5 27.Rc1 Ne2+ 28.Bxe2 Qxe2
29.a4 Rd8 30.a5 Kg7 31.Qe1 Qxe1+ 32.Rxe1 Ra8 33.Ra1 Kf6 34.a6 Ra7 35.g4 h6
36.Kg2 Ke5 37.Kf3 g5 38.Ke3 Kd6 39.Kd4 f6 40.Kc4 Kc6 41.Kb4 Kb6  1/2-1/2

[Event "Clarin"]
[Site "Buenos Aires"]
[Date "1979.??.??"]
[Round "5"]
[White "Panno, Oscar"]
[Black "Miles, Anthony J"]
[Result "0-1"]
[WhiteElo "2545"]
[BlackElo "2560"]

1.c4 b6 2.Nc3 e6 3.e4 Bb7 4.d4 Bb4 5.f3 f5 6.exf5 Nh6 7.fxe6 Nf5 8.Ne2 dxe6
9.Bf4 O-O 10.Qd2 Qh4+ 11.Ng3 Bd6 12.Bxd6 cxd6 13.Ne2 Nc6 14.O-O-O Ncxd4 15.Nxd4 Nxg3
16.hxg3 Qxh1 17.Nxe6 Rf6 18.Nf4 Qh6 19.Re1 Qg5 20.Bd3 Raf8 21.Kc2 Rh6 22.Qf2 Bc8
23.Be4 Bf5 24.Kb3 Bxe4 25.Rxe4 Qc5 26.Qe2 d5 27.Nxd5 b5 28.Ne7+ Kh8 29.cxb5 Rd6
30.a4 Qc1 31.Qc4 Qb1 32.Rd4 Rxd4 33.Qxd4 Qe1 34.Qd6 Re8 35.Nc6 h6 36.Nd4 Qd1+
37.Kb4 Qd2+ 38.Kb3 Qa5 39.Qf4  0-1

[Event "Clarin"]
[Site "Buenos Aires"]
[Date "1979.??.??"]
[Round "6"]
[White "Miles, Anthony J"]
[Black "Gheorghiu, Florin"]
[Result "1/2-1/2"]
[WhiteElo "2560"]
[BlackElo "2540"]

1.c4 c5 2.g3 Nc6 3.Bg2 g6 4.Nc3 Bg7 5.a3 Rb8 6.Rb1 a6 7.b4 cxb4 8.axb4 b5
9.cxb5 axb5 10.Nh3 e6 11.Bb2 Nf6 12.Ne4 O-O 13.Nxf6+ Bxf6 14.Nf4 Bb7 15.O-O  1/2-1/2

[Event "Konex"]
[Site "Buenos Aires"]
[Date "1979.??.??"]
[Round "6"]
[White "Szmetan, Jorge"]
[Black "Miles, Anthony J"]
[Result "0-1"]
[WhiteElo "2400"]
[BlackElo "2560"]

1.e4 c5 2.Nf3 e6 3.d4 cxd4 4.Nxd4 a6 5.Bd3 Nc6 6.Nxc6 dxc6 7.Nd2 e5 8.Nc4 Ne7
9.O-O Ng6 10.Qh5 Bc5 11.Nxe5 Qa5 12.Bd2 Bxf2+ 13.Rxf2 Qxe5 14.Qf3 O-O 15.Bc3 Qg5
16.Raf1 Be6 17.Qe2 Qc5 18.Qd2 Rad8 19.Kh1 Rd7 20.Rf3 Qe7 21.Rg3 c5 22.Qe3 b5
23.b3 c4 24.bxc4 Rc8 25.Bd4 Bxc4 26.c3 Bxa2 27.Ra1 Qe6 28.Be2 f5 29.exf5 Qxe3
30.Bxe3 Nh4 31.Rxa2 Nxf5 32.Bg4 Re8 33.Bxf5 Rd1+ 34.Bg1 Ree1 35.h3 Rxg1+  0-1

[Event "Konex"]
[Site "Buenos Aires"]
[Date "1979.??.??"]
[Round "7"]
[White "Miles, Anthony J"]
[Black "Bernat, Miguel"]
[Result "0-1"]
[WhiteElo "2560"]
[BlackElo "2410"]

1.d4 c5 2.d5 e5 3.e4 d6 4.Nc3 a6 5.f4 exf4 6.Bxf4 Ne7 7.Nf3 Ng6 8.Bg3 Be7
9.e5 O-O 10.Be2 Bg4 11.O-O Bxf3 12.exd6 Bxd6 13.Bxf3 Bxg3 14.hxg3 Nd7 15.d6 Qb6
16.Na4 Qa7 17.Qd5 b5 18.Nc3 Nf6 19.Qd2 Rad8 20.Rad1 Ne5 21.Qf4 Ng6 22.Qf5 c4+
23.Kh2 Rfe8 24.Rd2 Re5 25.Qh3 Qc5 26.Rfd1 Re6 27.d7 h5 28.Nd5 Ng4+ 29.Bxg4 hxg4
30.Qxg4 Ne5 31.Qd4 Qxd4 32.Rxd4 Rxd7 33.Kg1 Kf8 34.Nf4 Ree7 35.Rd6 Ke8 36.R1d5 Ng4
37.Kf1 Ne3+ 38.Kf2 Nxd5 39.Rxd5 Rxd5 40.Nxd5 Rd7 41.Nb4 a5 42.Nc6 Rd2+  0-1

[Event "Clarin"]
[Site "Buenos Aires"]
[Date "1979.??.??"]
[Round "8"]
[White "Najdorf, Miguel"]
[Black "Miles, Anthony J"]
[Result "1/2-1/2"]
[WhiteElo "2515"]
[BlackElo "2560"]

1.d4 Nf6 2.c4 e6 3.Nf3 b6 4.e3 Bb7 5.Bd3 d5 6.O-O Nbd7 7.b3 Bd6 8.Bb2 O-O
9.Ne5 dxc4 10.Nxc4 Be7 11.Nbd2 c5 12.Nf3 cxd4 13.Nxd4 Nc5 14.Be2 a6 15.b4 Ncd7
16.a3 Rc8 17.Rc1 Rc7 18.f3 Qb8 19.e4 Rfc8 20.Qd2 Ba8 21.Nb3 h6 22.Bd4 b5  1/2-1/2

[Event "Konex"]
[Site "Buenos Aires"]
[Date "1979.??.??"]
[Round "8"]
[White "Quinteros, Miguel A"]
[Black "Miles, Anthony J"]
[Result "1-0"]
[WhiteElo "2545"]
[BlackElo "2560"]

1.Nf3 Nf6 2.g3 b5 3.Na3 a6 4.c4 c6 5.Bg2 d5 6.b3 Nbd7 7.O-O e5 8.cxd5 cxd5
9.d4 e4 10.Ne5 Bd6 11.f4 O-O 12.Nc2 Qb6 13.Kh1 Bb7 14.Bh3 Rfd8 15.g4 Nf8
16.g5 Ne8 17.Ne3 Ne6 18.Nf5 Bf8 19.Be3 Rac8 20.Qd2 a5 21.a3 b4 22.Rg1 Rc7
23.a4 Rdc8 24.Qe1 g6 25.Ng4 Rc3 26.Qh4 R8c7 27.Raf1 Bc8 28.Nfh6+ Bxh6 29.Nxh6+ Kh8
30.Rg3 N8g7 31.f5 Nd8 32.Bf4 Rxg3 33.Bxg3 Rc2 34.fxg6 Qxg6 35.Bxc8 Rxc8 36.Be5 e3
37.Qg4 Rc2 38.Qd7 Ne6 39.Qe8+  1-0

[Event "Konex"]
[Site "Buenos Aires"]
[Date "1979.??.??"]
[Round "9"]
[White "Miles, Anthony J"]
[Black "Liberzon, Vladimir M"]
[Result "1/2-1/2"]
[WhiteElo "2560"]
[BlackElo "2515"]

1.c4 e5 2.Nf3 Nc6 3.Nc3 f5 4.d4 e4 5.Bg5 Be7 6.Bxe7 Qxe7 7.Nd5 Qd6 8.Nd2 Nge7
9.Nxe7 Qxe7 10.e3 d6 11.Qh5+ g6 12.Qh6 Nb4 13.Kd1 c5 14.d5 Bd7 15.a3 Na6
16.h4 O-O-O 17.Nb1 Rdf8 18.g3 Nc7 19.Nc3 Ne8 20.Be2 Nf6 21.Kd2 Ng4 22.Qg5 Qg7
23.h5 Nxf2 24.Rh2 Nd3 25.Bxd3 exd3 26.hxg6 h6 27.Qf4 Rf6 28.Kxd3 Rxg6 29.Rah1 Kc7
30.Rh4 a6 31.b4 b6 32.Kc2  1/2-1/2

[Event "Clarin"]
[Site "Buenos Aires"]
[Date "1979.??.??"]
[Round "9"]
[White "Miles, Anthony J"]
[Black "Andersson, Ulf"]
[Result "1/2-1/2"]
[WhiteElo "2560"]
[BlackElo "2560"]

1.c4 c5 2.g3 g6 3.Bg2 Bg7 4.Nc3 Nc6 5.e3 e6 6.Nge2 Nge7 7.d4 cxd4 8.Nxd4 d5
9.cxd5 Nxd5 10.Nxd5 exd5 11.O-O O-O 12.Qb3 Nxd4 13.exd4 Be6 14.Be3 Qd7 15.Rfc1 Rfc8
16.a4 h5 17.h4 Bf8 18.Bf4 Kh7 19.Kh2 Bg7 20.Be3 Bf6 21.Bf1 Rxc1 22.Rxc1 Rc8
23.Rxc8 Qxc8  1/2-1/2

[Event "Clarin"]
[Site "Buenos Aires"]
[Date "1979.??.??"]
[Round "10"]
[White "Ivkov, Borislav"]
[Black "Miles, Anthony J"]
[Result "1/2-1/2"]
[WhiteElo "2525"]
[BlackElo "2560"]

1.d4 d5 2.c4 dxc4 3.Nf3 Nf6 4.e3 Bg4 5.Bxc4 e6 6.Nc3 Nbd7 7.h3 Bh5 8.O-O Bd6
9.e4 e5 10.Be2 O-O 11.dxe5 Nxe5 12.Nd4 Bxe2 13.Qxe2 Ng6 14.Ndb5 Bc5 15.Na4 Be7
16.Rd1 Qc8 17.Qc2 Ne8 18.Be3 c5 19.Rd2 Qc6 20.Nac3  1/2-1/2

[Event "Clarin"]
[Site "Buenos Aires"]
[Date "1979.??.??"]
[Round "11"]
[White "Miles, Anthony J"]
[Black "Quinteros, Miguel A"]
[Result "0-1"]
[WhiteElo "2560"]
[BlackElo "2545"]

1.d4 g6 2.e4 Bg7 3.Nf3 c5 4.c3 Qa5 5.Be2 cxd4 6.b4 Qb6 7.cxd4 Nc6 8.Nc3 Nxd4
9.Nd5 Nxf3+ 10.Bxf3 Qd4 11.Qc2 Qxa1 12.O-O Kf8 13.Bf4 Qb2 14.Qc7 Bd4 15.Qd8+ Kg7
16.Nc7 g5 17.Bc1 Qxb4 18.Nxa8 Nf6 19.Qc7 Qb5 20.Ba3 Be5 21.Qc1 Bf4 22.Qc2 d6
23.g3 Be5 24.Qd2 h6 25.Nc7 Qa4 26.Qd3 Bd7 27.Rb1 Rc8 28.Rxb7 Qc6 29.Rxa7 Rxc7
30.Ra5 Qc2 31.Qf1 Qc3 32.Rxe5  0-1

[Event "Clarin"]
[Site "Buenos Aires"]
[Date "1979.??.??"]
[Round "13"]
[White "Miles, Anthony J"]
[Black "Larsen, Bent"]
[Result "1/2-1/2"]
[WhiteElo "2560"]
[BlackElo "2620"]

1.c4 e6 2.g3 d5 3.Nf3 Nf6 4.Bg2 Be7 5.O-O O-O 6.b3 b6 7.Bb2 Bb7 8.d3 c5 9.e3 Nc6
10.Nc3 dxc4 11.dxc4 Nb4 12.Qb1 Qd3 13.Rd1 Qxb1 14.Raxb1 Rad8 15.Ne1 Bxg2
16.Kxg2 Nd7 17.Nb5 a6 18.Na7 Nb8 19.a3 N4c6 20.Nxc6 Nxc6 21.Kf1 b5 22.Bc3 b4
23.axb4 Rxd1 24.Rxd1 cxb4 25.Ba1 Na5 26.Rb1 f6 27.Ke2 e5 28.Nd3 Kf7 29.Kd2 h5
30.Kc2 h4 31.Bb2 hxg3 32.hxg3 Nb7 33.Rh1 a5 34.f4 exf4 35.gxf4 a4 36.bxa4 Rc8
37.Bd4 Rxc4+ 38.Kb2 Ke6 39.Rh7 Nd6 40.Kb3 Rc8 41.Bc5 Nf5 42.Bxe7 Rc3+ 43.Kxb4 Rxd3
44.Bc5 Nxe3 45.Rxg7 Nd5+ 46.Kb5 Rb3+ 47.Kc6 Nb4+ 48.Bxb4 Rxb4 49.a5 Rxf4
50.a6 Ra4 51.a7 Ke5 52.Rb7 Ra6+ 53.Kb5 Ra1 54.Rc7 Rb1+ 55.Kc6 Ra1 56.Kb6  1/2-1/2

[Event "BCF-ch"]
[Site "Chester"]
[Date "1979.??.??"]
[Round "1"]
[White "Steedman, Jim"]
[Black "Miles, Anthony J"]
[Result "0-1"]
[WhiteElo "2200"]
[BlackElo "2560"]

1.d4 Nf6 2.c4 e6 3.Nc3 Bb4 4.e3 O-O 5.Bd3 d5 6.a3 Bxc3+ 7.bxc3 dxc4 8.Bxc4 c5
9.Nf3 b6 10.O-O Bb7 11.Qe2 Qc7 12.Bd3 Be4 13.Bxe4 Nxe4 14.Qd3 Qb7 15.Ne5 cxd4
16.cxd4 Rc8 17.f3 Nd6 18.e4 f6 19.Ng4 Qa6 20.Rd1 Qxd3 21.Rxd3 Nd7 22.Bf4 Nc4
23.a4 Kf7 24.Rc3 a6 25.Rac1 b5 26.axb5 axb5 27.Rb3 g5 28.Bg3 f5 29.exf5 exf5
30.Nh6+ Kg6 31.Nxf5 Kxf5 32.Rxb5+ Kg6 33.h4 gxh4 34.Bxh4 h6 35.Re1 Re8 36.Rxe8 Rxe8
37.Kf2 Ra8 38.g4 Ra2+ 39.Kg3 Ra3 40.Rd5 Nf6 41.Bxf6 Kxf6 42.Rc5 Nd6 43.Rc6 Ke7
44.g5 Kd7 45.d5 hxg5 46.Kg4 Nf7 47.Rf6 Ke7 48.Re6+ Kf8 49.Re4 Ra1 50.Kh3 Kg7
51.f4 Kg6 52.Rd4 Ra3+ 53.Kg2 g4 54.d6 Kf5 55.d7 Nd8 56.Rc4 Rd3 57.Kf2 Ne6
58.Rb4 g3+ 59.Kf1 Nxf4  0-1

[Event "BCF-ch"]
[Site "Chester"]
[Date "1979.??.??"]
[Round "2"]
[White "Miles, Anthony J"]
[Black "Jones, Brian"]
[Result "1-0"]
[WhiteElo "2560"]
[BlackElo "2200"]

1.d4 Nf6 2.c4 g6 3.Nc3 Bg7 4.Nf3 d6 5.e4 O-O 6.Be2 e5 7.O-O Nc6 8.d5 Ne7
9.Ne1 Nd7 10.Bd2 f5 11.Nd3 Nf6 12.f3 f4 13.c5 g5 14.Rc1 Ne8 15.Nb5 Rf7 16.a4 Ng6
17.cxd6 cxd6 18.Nf2 h5 19.h3 Bf8 20.Qb3 Nh4 21.Rc2 Rg7 22.Rfc1 a6 23.Nc7 Nxc7
24.Ba5 g4 25.Rxc7 Rxc7 26.Rxc7 Qg5 27.fxg4 hxg4 28.hxg4 Ng6 29.Qc3 Ne7 30.Bb6 Kf7
31.a5 Bh6 32.Bd1 Qg8 33.Qh3 Bg5 34.Ba4 Bf6 35.Qh5+ Qg6 36.Rxe7+  1-0

[Event "BCF-ch"]
[Site "Chester"]
[Date "1979.??.??"]
[Round "3"]
[White "Morrison, Graham"]
[Black "Miles, Anthony J"]
[Result "1/2-1/2"]
[WhiteElo "2220"]
[BlackElo "2560"]

1.Nf3 b5 2.c3 e6 3.e4 Bb7 4.Bd3 c5 5.O-O c4 6.Bc2 Nf6 7.e5 Nd5 8.d4 Nc6 9.Nbd2 Be7
10.Ne4 Qc7 11.Nfg5 h6 12.Qh5 Rf8 13.Nh7 Rg8 14.f4 O-O-O 15.Qxf7 Qb6 16.Qg6 Nxd4
17.cxd4 Nb4 18.Nc3 Qxd4+ 19.Kh1 Nd3 20.Bxd3 cxd3 21.Nxb5 Qe4 22.Qxe4 Bxe4
23.Be3 Kb7 24.Rfc1 Rc8 25.Nxa7 Rc2 26.Rxc2 dxc2 27.Nb5 Bxh7 28.Nd4 g5 29.fxg5 Bxg5
30.Bxg5 hxg5 31.Kg1 Rf8 32.h3 Rf4 33.Nf3 Bd3 34.Kf2 Bg6 35.Ke3 Re4+ 36.Kd2 g4
37.hxg4 Rxg4 38.Ne1 Rd4+ 39.Ke2 Rd5 40.Nf3 Kb6 41.Rc1 Ka5 42.Ne1 Rxe5+ 43.Kd2 Rd5+
44.Ke2 Rb5 45.b3 Rg5 46.Kd2 e5 47.Nxc2 Rxg2+ 48.Kc3 d5 49.Ne1 Rxa2 50.Nf3 Re2
51.Nxe5 Rxe5 52.Kd4 Re2 53.Kxd5 Bf7+ 54.Kc5 Re5+ 55.Kd4 Rd5+ 56.Ke4 Rd7 57.Ke5 Kb4
58.Ke4 Bd5+ 59.Ke5 Rd8 60.Rc7 Kb5 61.Rc1 Bb7 62.b4 Rd5+ 63.Kf4 Rd4+ 64.Ke5 Re4+
65.Kf5 Re2 66.Rc5+ Kb6 67.Rc3 Kb5 68.Rc5+ Kxb4 69.Rc7 Bd5 70.Kf4 Kb5 71.Rc1 Re8
72.Kf5 Bc4 73.Kf4 Kc5 74.Rd1 Bd5 75.Ra1 Kd6 76.Ra6+ Bc6 77.Ra5 Re4+ 78.Kf5 Rb4
79.Kf6 Bb5 80.Ra1 Rf4+ 81.Kg5 Rf2 82.Ra5 Bd3 83.Kg4 Be4 84.Kg5 Bd5 85.Kg4 Ke5
86.Kg5 Rg2+ 87.Kh5 Ke4 88.Kh6 Rg1 89.Rb5 Be6 90.Rg5 Rf1 91.Ra5 Bf5 92.Kg5 Rg1+
93.Kf6 Rg6+ 94.Kf7 Rb6 95.Ra4+ Ke5 96.Ra5+ Kf4 97.Ra1 Bd3 98.Re1 Kg5 99.Ke7 Bf5
100.Rg1+ Bg4 101.Rf1 Re6+ 102.Kd8 Bf5 103.Kc7 Kf6 104.Rf2 Ke5 105.Re2+ Be4
106.Kd7 Rh6 107.Ke7 Rh7+ 108.Ke8 Kd6 109.Rxe4  1/2-1/2

[Event "BCF-ch"]
[Site "Chester"]
[Date "1979.??.??"]
[Round "5"]
[White "Bellin, Robert"]
[Black "Miles, Anthony J"]
[Result "1/2-1/2"]
[WhiteElo "2425"]
[BlackElo "2560"]

1.e4 c5 2.Nf3 e6 3.b3 Nc6 4.Bb2 d6 5.d4 cxd4 6.Nxd4 Nf6 7.Bd3 Be7 8.O-O Bd7
9.c4 O-O 10.Nxc6 Bxc6 11.Nc3 a6 12.Qe2 Re8 13.Rad1 Qa5 14.a3 Qh5 15.Qxh5 Nxh5
16.Ne2 Nf6 17.f3 Rec8 18.Nd4 Be8 19.a4 Nd7 20.Ba3 Nc5 21.Bxc5 dxc5 22.Ne2 Rd8
23.f4 Rd7 24.Bc2 Rad8 25.Rxd7 Rxd7 26.Rd1 Rxd1+ 27.Bxd1 g5 28.g3 gxf4 29.gxf4 Bh4
30.Kg2 Be1 31.Ng3 Bd2 32.Kf3 Bc6 33.Kg4 f6 34.Bc2 Kf7 35.Ne2 Be1 36.Bd3 b6
37.f5 h5+ 38.Kf4 exf5 39.exf5 Bd2+ 40.Kg3 Kg7 41.Kf2 h4 42.h3 Kh6 43.Ng1 Bc3
44.Nf3 Bd4+ 45.Ke2 Kh5 46.Bc2 Bb2 47.Bd3 Bc1 48.Bc2 Bg5 49.Bd3 Kh6 50.Kf2 Kg7
51.Ke2 Kf7 52.Kf2 Ke7 53.Ke2 Kd6 54.Kf2 Bxf3 55.Kxf3 Ke5 56.Be4 a5 57.Bd3 Bf4
58.Bb1 Bh2 59.Be4 Bg3 60.Bd3 Kd4 61.Be4 Kc3 62.Bc6 Kxb3 63.Bb5 Kc3 64.Ke3 Be1
65.Ba6 Bd2+ 66.Ke4 Bg5 67.Bb5 Kd2 68.Kf3 Kd3 69.Ba6 Kd4 70.Bb5 Ke5 71.Kg4 Bd2
72.Ba6 Be1 73.Bb5 Bg3  1/2-1/2

[Event "BCF-ch"]
[Site "Chester"]
[Date "1979.??.??"]
[Round "6"]
[White "Miles, Anthony J"]
[Black "Littlewood, Paul E"]
[Result "1-0"]
[WhiteElo "2560"]
[BlackElo "2405"]

1.d4 Nf6 2.c4 g6 3.Nc3 Bg7 4.Nf3 O-O 5.e4 d6 6.Be2 e5 7.O-O Nbd7 8.Be3 a5
9.Qc2 Ng4 10.Bg5 f6 11.Bd2 c6 12.Rad1 Qe7 13.h3 Nh6 14.Rfe1 Nf7 15.Be3 Re8
16.dxe5 dxe5 17.Na4 f5 18.exf5 gxf5 19.Qxf5 Nb6 20.Qc2 Nxa4 21.Qxa4 e4 22.Nd4 Qh4
23.c5 Be5 24.Nf3  1-0

[Event "BCF-ch"]
[Site "Chester"]
[Date "1979.??.??"]
[Round "10"]
[White "Mestel, A Jonathan"]
[Black "Miles, Anthony J"]
[Result "0-1"]
[WhiteElo "2475"]
[BlackElo "2560"]

1.e4 c5 2.Nf3 e6 3.d4 cxd4 4.Nxd4 a6 5.c4 Nf6 6.Nc3 Bb4 7.Bd3 Qc7 8.O-O Nc6
9.Bc2 O-O 10.Kh1 Nxd4 11.Qxd4 Ng4 12.f4 Bc5 13.Qd3 Nf2+ 14.Rxf2 Bxf2 15.e5 g6
16.Ne4 Bh4 17.Bd2 b5 18.Nf6+ Bxf6 19.exf6 Bb7 20.Qh3 Kh8 21.Re1 Qxc4 22.Bd3 Qxa2
23.Qh6 Rg8 24.Re3 Qa1+ 25.Be1 Bf3 26.gxf3 d6 27.Qh4 Qxb2 28.Re2 Qd4 29.Be4 Rac8
30.Bf2 Rc1+ 31.Kg2 Qc4 32.Rd2 d5 33.Qh6 Qc3 34.Rd3 Qc7 35.Ra3 dxe4 36.Rxa6 Qc3
37.fxe4 Qxf6 38.e5 Qf5 39.Ra3 g5 40.Rg3 g4 41.Re3 Rcc8 42.Bh4 Rg6 43.Bf6+ Qxf6
44.Rh3  0-1

[Event "Dortmund"]
[Site "Dortmund"]
[Date "1979.??.??"]
[Round "1"]
[White "Borik, Otto"]
[Black "Miles, Anthony J"]
[Result "0-1"]
[WhiteElo "2395"]
[BlackElo "2560"]

1.e4 c5 2.Nf3 e6 3.d4 cxd4 4.Nxd4 a6 5.Bd3 Nc6 6.Nxc6 dxc6 7.Nd2 e5 8.O-O Bd6
9.Nc4 Bc7 10.f4 exf4 11.e5 g5 12.Bd2 Ne7 13.Qh5 Be6 14.Kh1 h6 15.Rae1 Qd7
16.Nd6+ Bxd6 17.exd6 Qxd6 18.Bc3 O-O-O 19.Bxh8 Rxh8 20.Rd1 Qe5 21.Rfe1 Qxb2
22.Rb1 Qa3 23.h4 Qc5 24.Qe2 Nf5 25.Bxf5 Bxf5 26.Qe7 Qxe7 27.Rxe7 Bd7 28.Rxf7 Re8
29.Rd1 Be6 30.Rh7 gxh4 31.Re1 h3 32.Rxh6 hxg2+ 33.Kxg2 Rg8+ 34.Kf3 Bxa2 35.Re7 Rf8
36.Rhh7 Bd5+ 37.Kf2 c5 38.Rc7+ Kb8 39.Rxc5 Bc6 40.Rch5 Ka7 41.Rh8 Rf7 42.R5h7 Rxh7
43.Rxh7 Kb6 44.Rh4 f3 45.Ke3 Kc5 46.Kd3 b5 47.c4 b4 48.Rh5+ Kb6 49.Rh8  0-1

[Event "Dortmund"]
[Site "Dortmund"]
[Date "1979.??.??"]
[Round "5"]
[White "Boehmfeldt, Bruno"]
[Black "Miles, Anthony J"]
[Result "0-1"]
[WhiteElo "2230"]
[BlackElo "2560"]

1.e4 c5 2.Nf3 Nc6 3.d4 cxd4 4.Nxd4 g6 5.Be3 Nf6 6.Nc3 Bg7 7.Be2 O-O 8.Nb3 d6
9.f4 Be6 10.g4 Na5 11.f5 Bc4 12.e5 Ne8 13.e6 fxe6 14.fxg6 hxg6 15.Bd3 Qc7
16.h4 d5 17.Nd4 Bxd3 18.cxd3 Qg3+ 19.Kd2 Nd6 20.Qe2 Nac4+ 21.dxc4 Nxc4+ 22.Kd3 Bxd4
23.Kxd4 Nxe3 24.Qxe3 Rf4+ 25.Kd3 Rf3 26.Rae1 Raf8  0-1